| 000 | 01248nam a22002415i 4500 | ||
|---|---|---|---|
| 001 | 166550 | ||
| 003 | ES-MaACL | ||
| 005 | 20250730063148.0 | ||
| 008 | 990903s1794 sp |||| | spa d | ||
| 100 | 1 |
_aTorres Villarroel, Diego de, _d1693-1770 _9111026 |
|
| 245 | 1 | 0 |
_aTratados fisicos y medicos de los temblores y otros movimientos de la tierra, llamados vulgarmente terremotos, de sus causas, señales, auxilios, pronósticos e historias... / _cpor el Dr. D. Diego de Torres Villarroel...; tomo V. |
| 260 |
_aMadrid : _ben la imprenta de la Viuda de Ibarra, _c1794. |
||
| 300 |
_a[16], 393, IV p. ; _c8º. |
||
| 530 | _aDisponible en formato digital. | ||
| 595 | _aSegún Francisco Aguilar Piñal, la edición de la Viuda de Ibarra, 1794-1799, supone la 2ª ed. de las Obras completas de Diego de Torres Villarroel, en 15 v., que carecen de tít. genérico. | ||
| 596 | _aMarca tip. en port. | ||
| 597 | _aSign.: A10, B-Z8, 2A-2B8, 2C5. | ||
| 597 | _aÍndice enc. al final (IV p.) | ||
| 650 | 4 |
_aTerremotos. _9136925 |
|
| 852 | 4 |
_aES-MaACL _jR-2207-21 _z- Enc. pasta española. Olim: C-31414-28. |
|
| 856 | 4 |
_uhttp://bdh-rd.bne.es/viewer.vm?id=0000093782&page=1 _zBiblioteca Digital Hispánica |
|
| 999 |
_c166550 _d166550 |
||